|
|
|
|
| LEADER |
01049nam a2200253 a 4500 |
| 001 |
00023106 |
| 008 |
110621s1996 bg w 000 0 eng d |
| 040 |
|
|
|a BD-DhAAL
|c BD-DhAAL
|
| 082 |
0 |
0 |
|a 348.5492/046
|2 21
|
| 245 |
0 |
4 |
|a The Bangladesh law chronicles,
|n volume no.1
|
| 246 |
1 |
|
|i Cited as:
|a BLC
|
| 260 |
|
|
|a Dhaka, Bangladesh :
|b Al-Yakub Press,
|c 1996-
|
| 300 |
|
|
|a 592 p. ;
|c 25 cm.
|
| 310 |
|
|
|a Monthly
|
| 362 |
0 |
|
|a Vol. 1 (Jan. 1996)-
|
| 500 |
|
|
|a Title from cover.
|
| 500 |
|
|
|a Cumulated in an annual bound volume.
|
| 541 |
|
|
|e 00023106
|
| 650 |
|
0 |
|a Law reports, digests, etc.
|z Bangladesh.
|
| 852 |
4 |
|
|a Ayesha Abed Library
|j General shelf
|
| 942 |
0 |
0 |
|0 2
|
| 999 |
|
|
|c 11049
|d 11049
|
| 952 |
|
|
|0 0
|1 4
|2 ddc
|4 0
|6 348_549204600000000_BAN
|7 0
|9 17413
|a BRACUL
|b BRACUL
|c REF
|d 2011-07-12
|l 3
|o 348.5492046 BAN
|p 3010023106
|r 2015-10-17
|s 2015-10-17
|t 1
|w 2011-07-12
|y 1HOUR
|x Koha Inventory 2020
|
| 952 |
|
|
|0 0
|1 0
|2 ddc
|4 0
|6 348_549204600000000_BAN
|7 0
|9 19898
|a BRACUL
|b BRACUL
|c REF
|d 2012-04-05
|l 7
|o 348.5492046 BAN
|p 3010024874
|r 2026-02-05
|s 2026-02-05
|t 2
|w 2012-04-05
|y 1HOUR
|